Selective laser spectroscopy of activated crystals and glasses /

Bibliographic Details
Other Authors: Osiko, V. V.
Format: Book
Language:English
Published: New York : Nova Science Publishers, [1990]
Series:Trudy Instituta obshcheĭ fiziki. v.9.
Subjects:

MARC

Tag First Indicator Second Indicator Subfields
LEADER 00000cam a2200000 a 4500
001 in00001015513
005 20150927211123.0
008 910522s1990 nyua b 00010 eng d
020 |a 0941743926 
035 |a (OCoLC)23816831 
035 |9 AFD0387AM 
040 |a IND  |c IND  |d OCL  |d UtOrBLW 
041 1 |a eng  |h rus 
049 |a TXAM 
090 |a QC454.L3  |b S413 1990 
245 0 0 |a Selective laser spectroscopy of activated crystals and glasses /  |c edited by V.V. Osiko ; translated by Kevin S. Hendzel. 
264 1 |a New York :  |b Nova Science Publishers,  |c [1990] 
264 4 |c ©1990 
300 |a ix, 208 pages :  |b illustrations ;  |c 24 cm. 
336 |a text  |b txt  |2 rdacontent 
337 |a unmediated  |b n  |2 rdamedia 
338 |a volume  |b nc  |2 rdacarrier 
490 1 |a Proceedings of the Institute of General Physics, Academy of Sciences of the USSR ;  |v v. 9 
500 |a Translated from Russian. 
504 |a Includes bibliographical references (pages 191-203). 
500 |a Includes index. 
650 0 |a Laser spectroscopy. 
650 0 |a Crystals  |x Creep. 
650 0 |a Glass  |x Effect of radiation on. 
700 1 |a Osiko, V. V. 
830 0 |a Trudy Instituta obshcheĭ fiziki.  |l English ;  |v v.9. 
999 |a MARS 
999 f f |s 2b53e5e4-6a16-3362-b757-ba47a503ce97  |i a2c14baf-cfee-363f-8338-cf90dc829098  |t 0 
952 f f |p ric  |a Texas A&M University  |b Rellis Campus  |c Joint Library Facility  |d Remote Storage  |t 0  |e QC454.L3 S413 1990  |h Library of Congress classification  |i unmediated -- volume  |m A14812251428 
998 f f |a QC454.L3 S413 1990  |t 0  |l Remote Storage